000 00371nam a2200157 4500
005 20260130121538.0
020 _a9789395161909
082 _a174.962
_bTRI.H
084 _2Colon Classification
100 _aTripathi
245 _aHuman values
250 _a4th ed.
260 _a NewDelhi:
_b New Age International,
_c2024.
300 _a342p.
942 _2ddc
_c GIF
999 _c755542
_d755542